| 000 | 00602nab a2200157 4500 | ||
|---|---|---|---|
| 003 | ES-SlBCS | ||
| 005 | 20210327231249.0 | ||
| 008 | 170116b xxu||||| |||| 00| 0 spa d | ||
| 040 |
_aES-SlBCS _bspa |
||
| 100 | 1 |
_aFeuerhahn, Wolf _9133640 |
|
| 245 | 1 | 0 |
_aAutoportraits de Théodule Ribot en correspondant _cWolf Feuerhahn, Thibaud Trochu |
| 600 | 1 | 0 |
_aRibot, Théodule _d, 1839-1916 _xCrítica e interpretación _9411943 |
| 700 | 1 |
_aTrochu, Thibaud _9411945 |
|
| 773 | 0 |
_gVol. 141, Nº 4, 2016, págs. 521-540 _tRevue Philosophique de la France et de L⠹étranger _wRev1701 _x0035-3833 |
|
| 942 |
_2lcc _cAR |
||
| 999 |
_c860156 _d860156 |
||